| 000 | 00389nam a2200169Ia 4500 | ||
|---|---|---|---|
| 001 | 2711 | ||
| 003 | IN-NITTTR | ||
| 005 | 20251114232934.0 | ||
| 008 | 251113s9999||||xx |||||||||||||| ||eng|| | ||
| 040 | _beng | ||
| 040 | _cIN-NITTTR | ||
| 041 | _aeng | ||
| 082 | _a624.021 S35D | ||
| 100 | _aSeelye, Elwyn E. | ||
| 245 | 0 |
_aSpecifications and costs. / _cSeelye, Elwyn E. |
|
| 942 |
_2ddc _cBK |
||
| 999 |
_c4278 _d4278 |
||